| 000 | 00675nam a22002537a 4500 | ||
|---|---|---|---|
| 003 | UA-OsUOA | ||
| 001 | 23688 | ||
| 007 | ta | ||
| 008 | 20040128b un ||||| |||| 00| 0 ukr d | ||
| 090 |
_a32(075.8) _bП50 |
||
| 942 | _cBK | ||
| 040 |
_aUA-OsUOA _bukr _cUA-OsUOA _dUA-OsUOA |
||
| 245 |
_aПолітологія _bПідручник _cРед. О.В.Бабкіна В.П.Горбатенко |
||
| 300 | _a528 с. | ||
| 955 | _a0 | ||
| 041 | _aukr | ||
| 080 | _a32(075.8) | ||
| 020 | _a966-580-097-3 | ||
| 260 |
_aКиїв _bВЦ"Академія" _c2001 |
||
| 044 | _aUA | ||
| 250 | _n2-е вид., випр. и доп. | ||
| 650 | 7 | _2UDC | |
| 999 |
_c309943 _d309943 |
||